ENGINEERING GRAPHICS WITH AUTOCAD (Record no. 216852)

MARC details
000 -LEADER
fixed length control field 00458nam a22001697a 4500
008 - FIXED-LENGTH DATA ELEMENTS--GENERAL INFORMATION
fixed length control field 260323b |||||||| |||| 00| 0 eng d
020 ## - INTERNATIONAL STANDARD BOOK NUMBER
International Standard Book Number 978-81-203-3783-1
100 ## - MAIN ENTRY--PERSONAL NAME
Personal name KULKARNI DHANANJAY M.
245 ## - TITLE STATEMENT
Title ENGINEERING GRAPHICS WITH AUTOCAD
250 ## - EDITION STATEMENT
Edition statement REVISED EDITION
260 ## - PUBLICATION, DISTRIBUTION, ETC.
Place of publication, distribution, etc. NEW DELHI
Name of publisher, distributor, etc. PHI LEARNIG
Date of publication, distribution, etc. 2025
300 ## - PHYSICAL DESCRIPTION
Extent XI,326P.
500 ## - GENERAL NOTE
General note INCLUDES AN INDEX
650 ## - SUBJECT ADDED ENTRY
Topical term or geographic name entry element INCLUDES AN INDEX
942 ## - ADDED ENTRY ELEMENTS (KOHA)
Source of classification or shelving scheme Library of Congress Classification
Koha item type Long Loan Book
Holdings
Withdrawn status Lost status Source of classification or shelving scheme Damaged status Not for loan Collection Home library Current library Shelving location Date acquired Inventory number Total checkouts Full call number Date last seen Copy number Price effective from Koha item type
    Library of Congress Classification     Science & Technology Kisii University Library Kisii University Library On Display 03/23/2026 112429   T 357 .K85 2025 03/23/2026 C.1 03/23/2026 Long Loan Book
    Library of Congress Classification     Science & Technology Kisii University Library Kisii University Library On Display 03/23/2026 112430   T 357 .K85 2025 03/23/2026 C.2 03/23/2026 Long Loan Book
    Library of Congress Classification     Science & Technology Kisii University Library Kisii University Library On Display 03/23/2026 112431   T 357 .K85 2025 03/23/2026 C.3 03/23/2026 Long Loan Book
    Library of Congress Classification     Science & Technology Kisii University Library Kisii University Library On Display 03/23/2026 112432   T 357 .K85 2025 03/23/2026 C.4 03/23/2026 Long Loan Book